[Event "Oberliga Wuerttemberg 0304"]
[Site "Wuerttemberg"]
[Date "2004.02.08"]
[Round "6.5"]
[White "Trettin, Ulrich"]
[Black "Wetzig, Herbert"]
[Result "1-0"]
[WhiteElo "2210"]
[BlackElo "2220"]
[PlyCount "115"]
[EventDate "2003.09.28"]
[EventType "team"]
[EventRounds "9"]
[EventCountry "GER"]
[SourceTitle "EXT 2006"]
[Source "ChessBase"]
[SourceDate "2005.11.24"]
[SourceVersion "1"]
[SourceVersionDate "2005.11.24"]
[SourceQuality "1"]
[WhiteTeam "Tuebingen"]
[BlackTeam "Ditzingen"]
[WhiteTeamCountry "GER"]
[BlackTeamCountry "GER"]

1. d4 d5 2. Nf3 c5 3. dxc5 Nf6 4. Bg5 Ne4 5. Bf4 e6 6. e3 Nc6 7. Nbd2 Bxc5 8. Nxe4 dxe4 9. Qxd8+ Nxd8 10. Bb5+ Bd7 11. Bxd7+ Kxd7 12. 0-0-0+ Ke7 13. Nd2 f5 14. Nb3 Bb6 15. Bg5+ Kf7 16. Rd7+ Kg6 17. Bxd8 Raxd8 18. Rxb7 f4 19. Re1 fxe3 20. fxe3 Rhf8 21. Nd2 Bxe3 22. Rxe3 Rf2 23. Rxe4 Rfxd2 24. Rxe6+ Kf5 25. Re1 Rxg2 26. Rxa7 Rc8 27. c3 Rb8 28. b3 g5 29. h3 h6 30. c4 Rh2 31. Re3 Rd8 32. Rc3 Rdd2 33. c5 Rdg2 34. Kb1 Rg1+ 35. Rc1 Rxc1+ 36. Kxc1 Rxh3 37. Kc2 Ke5 38. Rd7 g4 39. c6 Rh2+ 40. Kc3 Rh1 41. Kb4 Rc1 42. Kb5 g3 43. Rg7 Kd5 44. Rxg3 Rc5+ 45. Kb4 Rxc6 46. Rd3+ Ke4 47. Rd7 h5 48. Rh7 Rb6+ 49. Kc5 Ra6 50. a4 Kd3 51. Kb5 Ra8 52. a5 Rb8+ 53. Ka4 Kc3 54. Rc7+ Kd4 55. a6 h4 56. Rc4+ Kd5 57. Rxh4 Rb6 58. Rh5+ 1-0

[Event "Oberliga Wuerttemberg 0304"]
[Site "Wuerttemberg"]
[Date "2003.12.07"]
[Round "4.6"]
[White "Herzog, Klaus"]
[Black "Trettin, Ulrich"]
[Result "1-0"]
[WhiteElo "2217"]
[BlackElo "2210"]
[PlyCount "75"]
[EventDate "2003.09.28"]
[EventType "team"]
[EventRounds "9"]
[EventCountry "GER"]
[SourceTitle "EXT 2006"]
[Source "ChessBase"]
[SourceDate "2005.11.24"]
[SourceVersion "1"]
[SourceVersionDate "2005.11.24"]
[SourceQuality "1"]
[WhiteTeam "Schwaebisch Gmuend"]
[BlackTeam "Tuebingen"]
[WhiteTeamCountry "GER"]
[BlackTeamCountry "GER"]

1. e4 c5 2. Nf3 Nc6 3. Bb5 g6 4. 0-0 Bg7 5. c3 Nf6 6. Qa4 0-0 7. d4 cxd4 8. cxd4 d5 9. e5 Ne4 10. Bxc6 bxc6 11. Qxc6 Bg4 12. Nfd2 Be2 13. Re1 Rc8 14. Qa4 Qc7 15. Nb3 Qc2 16. Na3 Qd3 17. Be3 f6 18. Nc1 Rxc1 19. Raxc1 fxe5 20. Qc2 Qxc2 21. Rxc2 Bd3 22. Rc7 exd4 23. Bc1 Nxf2 24. Rcxe7 Be4 25. Rf1 Ng4 26. Rxf8+ Kxf8 27. Rxa7 Be5 28. g3 d3 29. Nb5 h5 30. h3 Nf6 31. a4 Bxg3 32. a5 Be1 33. a6 d2 34. Bxd2 Bxd2 35. Ra8+ Kf7 36. Kf2 Be3+ 37. Ke2 d4 38. Nd6+ 1-0

[Event "Oberliga Wuerttemberg 0304"]
[Site "Wuerttemberg"]
[Date "2003.11.16"]
[Round "3.5"]
[White "Trettin, Ulrich"]
[Black "Hottes, Dieter"]
[Result "1/2-1/2"]
[WhiteElo "2210"]
[BlackElo "2214"]
[PlyCount "87"]
[EventDate "2003.09.28"]
[EventType "team"]
[EventRounds "9"]
[EventCountry "GER"]
[SourceTitle "EXT 2006"]
[Source "ChessBase"]
[SourceDate "2005.11.24"]
[SourceVersion "1"]
[SourceVersionDate "2005.11.24"]
[SourceQuality "1"]
[WhiteTeam "Tuebingen"]
[BlackTeam "Stuttgart II"]
[WhiteTeamCountry "GER"]
[BlackTeamCountry "GER"]

1. d4 d5 2. Nf3 Nf6 3. c4 c6 4. e3 Bg4 5. Nc3 Nbd7 6. cxd5 cxd5 7. Qb3 Bxf3 8. gxf3 Qb6 9. Nxd5 Nxd5 10. Qxd5 e6 11. Qb5 Bb4+ 12. Bd2 Bxd2+ 13. Kxd2 Qd6 14. Qb3 e5 15. d5 0-0 16. Rc1 Nb6 17. e4 f5 18. Bd3 Kh8 19. Ke2 fxe4 20. Bxe4 Rad8 21. Rhd1 Nd7 22. Qxb7 Nc5 23. Qc6 Nxe4 24. fxe4 Qb4 25. Qc4 Qxb2+ 26. Rc2 Qb6 27. Qc5 Qg6 28. Qe3 Rf4 29. f3 Qh5 30. d6 Rdf8 31. Rd3 Qxh2+ 32. Qf2 Qh5 33. d7 Rxe4+ 34. Kd2 Qg5+ 35. Kd1 Ref4 36. Rc8 Rd8 37. Qxa7 Rff8 38. Rxd8 Rxd8 39. Rc3 Kg8 40. Rc8 Kf7 41. Qc7 Qg1+ 42. Ke2 Qg2+ 43. Ke3 Qg1+ 44. Ke2 1/2-1/2

[Event "Oberliga Wuerttemberg 0203"]
[Site "Wuerttemberg"]
[Date "2002.11.10"]
[Round "2"]
[White "Doerflinger, Josef"]
[Black "Trettin, Ulrich"]
[Result "1-0"]
[WhiteElo "2239"]
[BlackElo "2040"]
[PlyCount "73"]
[EventDate "2002.10.13"]
[EventType "team-tourn"]
[EventRounds "9"]
[EventCountry "GER"]
[SourceTitle "EXT 2019"]
[Source "ChessBase"]
[SourceDate "2018.10.10"]
[SourceVersion "1"]
[SourceVersionDate "2018.10.10"]
[SourceQuality "1"]
[WhiteTeam "Ulm Post"]
[BlackTeam "Tuebingen"]
[WhiteTeamCountry "GER"]
[BlackTeamCountry "GER"]

1. Nf3 Nf6 2. g3 g6 3. Bg2 Bg7 4. d3 0-0 5. e4 d6 6. 0-0 e5 7. Nbd2 Nbd7 8. c3 Re8 9. Re1 Nf8 10. d4 Qe7 11. h3 Nh5 12. Nf1 Ne6 13. Ne3 c6 14. Ng4 Nf8 15. Bg5 Qc7 16. Nh6+ Kh8 17. dxe5 dxe5 18. Qd6 Qb6 19. Nxf7+ Kg8 20. N7xe5 Re6 21. Qd4 Qxb2 22. Qc4 Kh8 23. Nf7+ Kg8 24. Nh6+ Kh8 25. Nd4 b5 26. Qb3 Qxb3 27. axb3 Re8 28. Nf7+ Kg8 29. Nd6 Re5 30. Bf4 Rc5 31. Rec1 Nxf4 32. gxf4 b4 33. e5 bxc3 34. b4 Rd5 35. Bxd5+ cxd5 36. Rxc3 Bh6 37. Rxc8 1-0

[Event "Bundesliga 9495"]
[Site "Germany"]
[Date "1995.??.??"]
[Round "?.8"]
[White "Trettin, Ulrich"]
[Black "Kassebaum, Roman"]
[Result "1/2-1/2"]
[WhiteElo "2270"]
[BlackElo "2345"]
[PlyCount "48"]
[EventDate "1994.10.08"]
[EventType "team-tourn"]
[EventRounds "15"]
[EventCountry "GER"]
[SourceTitle "GER-chT"]
[Source "ChessBase"]
[SourceDate "1999.07.01"]
[SourceVersion "1"]
[SourceVersionDate "1999.07.01"]
[SourceQuality "1"]
[WhiteTeam "Tuebingen"]
[BlackTeam "Bochum"]
[WhiteTeamCountry "GER"]
[BlackTeamCountry "GER"]

1. d4 Nf6 2. c4 g6 3. Nc3 Bg7 4. e4 d6 5. Nf3 0-0 6. Be2 e5 7. 0-0 exd4 8. Nxd4 Re8 9. f3 Nc6 10. Be3 Nh5 11. Qd2 Nxd4 12. Bxd4 Nf4 13. Bxg7 Qg5 14. Kf2 Kxg7 15. Qd4+ Kg8 16. g3 Nxe2 17. Nxe2 Qe5 18. Qxe5 dxe5 19. Nc3 c6 20. Rad1 Be6 21. b3 Rad8 22. Ke2 Kf8 23. Rxd8 Rxd8 24. Rd1 Rxd1 1/2-1/2

[Event "BL2-Sued 9394"]
[Site "Germany"]
[Date "1994.??.??"]
[Round "?.8"]
[White "Staiger, Frank"]
[Black "Trettin, Ulrich"]
[Result "1-0"]
[WhiteElo "2315"]
[BlackElo "2280"]
[PlyCount "95"]
[EventDate "1993.10.??"]
[EventType "team-tourn"]
[EventRounds "9"]
[EventCountry "GER"]
[SourceTitle "GER-chT2"]
[Source "ChessBase"]
[SourceDate "1999.07.01"]
[SourceVersion "1"]
[SourceVersionDate "1999.07.01"]
[SourceQuality "1"]
[WhiteTeam "Eppingen"]
[BlackTeam "Tuebingen"]
[WhiteTeamCountry "GER"]
[BlackTeamCountry "GER"]

1. d4 Nf6 2. c4 g6 3. Nc3 d5 4. cxd5 Nxd5 5. e4 Nxc3 6. bxc3 Bg7 7. Be3 0-0 8. Qd2 c5 9. Nf3 Qa5 10. Rb1 cxd4 11. cxd4 Qxd2+ 12. Kxd2 b6 13. Bd3 Ba6 14. Bxa6 Nxa6 15. Rhc1 Rfc8 16. Rxc8+ Rxc8 17. Rb3 Nb8 18. Rc3 Rxc3 19. Kxc3 Kf8 20. Kb4 Ke8 21. Kb5 Kd7 22. Bf4 Kc8 23. Bxb8 Kxb8 24. Kc6 Kc8 25. d5 h6 26. e5 Bh8 27. h3 Bg7 28. a4 Bh8 29. g4 Bg7 30. e6 fxe6 31. dxe6 Bf6 32. Nd2 Bd4 33. f3 h5 34. gxh5 gxh5 35. Ne4 Be5 36. Nf2 Bd4 37. Nd3 Be3 38. Nb4 Kd8 39. Nd5 Bf2 40. Kb7 Ke8 41. Nc7+ Kf8 42. Kc6 Kg7 43. Kd7 Bc5 44. Nd5 a6 45. Nxe7 b5 46. axb5 axb5 47. Nf5+ Kf6 48. Nd6 1-0

[Event "Oberliga Wuerttemberg 9293"]
[Site "Wuerttemberg"]
[Date "1993.??.??"]
[Round "?"]
[White "Trettin, Ulrich"]
[Black "Wolf, Walter"]
[Result "1-0"]
[WhiteElo "2280"]
[BlackElo "2275"]
[PlyCount "65"]
[EventDate "1992.10.??"]
[EventType "team"]
[EventRounds "9"]
[EventCountry "GER"]
[SourceTitle "GER"]
[Source "ChessBase"]
[SourceDate "1999.07.01"]
[SourceVersion "1"]
[SourceVersionDate "1999.07.01"]
[SourceQuality "1"]

1. d4 b6 2. e4 e6 3. Nd2 c5 4. c3 Bb7 5. Ngf3 d6 6. Bd3 Nc6 7. 0-0 Nf6 8. Re1 Be7 9. Nf1 Qc7 10. a3 h6 11. Ne3 0-0-0 12. d5 Ne5 13. c4 Nxd3 14. Qxd3 Kb8 15. Nd2 Bc8 16. b4 Nd7 17. Bb2 Rhg8 18. Reb1 Bg5 19. Bc3 Bxe3 20. Qxe3 exd5 21. cxd5 Rde8 22. a4 f5 23. a5 Bb7 24. axb6 axb6 25. bxc5 Nxc5 26. Bd4 Bxd5 27. Qa3 fxe4 28. Nc4 Bc6 29. Nxb6 Qf7 30. Nc4+ Kc7 31. Qa7+ Nb7 32. Na5 Qd5 33. Nxc6 1-0

[Event "BL2-Sued 9192"]
[Site "Germany"]
[Date "1992.??.??"]
[Round "?"]
[White "Mann, Christian"]
[Black "Trettin, Ulrich"]
[Result "1-0"]
[WhiteElo "2455"]
[BlackElo "2295"]
[PlyCount "51"]
[EventDate "1991.10.??"]
[EventType "team-tourn"]
[EventRounds "9"]
[EventCountry "GER"]
[SourceTitle "GER-chT2"]
[Source "ChessBase"]
[SourceDate "1999.07.01"]
[SourceVersion "1"]
[SourceVersionDate "1999.07.01"]
[SourceQuality "1"]

1. e4 c5 2. c3 Nf6 3. e5 Nd5 4. d4 cxd4 5. cxd4 b6 6. Qf3 Nc7 7. Nc3 d5 8. exd6 exd6 9. Bf4 Be7 10. Nb5 Nba6 11. Rc1 0-0 12. Bd3 Be6 13. Ne2 Qd7 14. Nxc7 Nxc7 15. Be4 Rab8 16. Bc6 Qd8 17. 0-0 Ne8 18. d5 Bc8 19. Qa3 a5 20. Nd4 Nf6 21. Rfe1 Nh5 22. Rxe7 Nxf4 23. Rce1 Ba6 24. Qg3 Ng6 25. Ra7 Bc8 26. Nb5 1-0

[Event "BL2-Sued 9192"]
[Site "Germany"]
[Date "1992.??.??"]
[Round "?"]
[White "Trettin, Ulrich"]
[Black "Maier, Christian"]
[Result "1/2-1/2"]
[WhiteElo "2295"]
[BlackElo "2400"]
[PlyCount "33"]
[EventDate "1991.10.??"]
[EventType "team-tourn"]
[EventRounds "9"]
[EventCountry "GER"]
[SourceTitle "GER-chT2"]
[Source "ChessBase"]
[SourceDate "1999.07.01"]
[SourceVersion "1"]
[SourceVersionDate "1999.07.01"]
[SourceQuality "1"]

1. d4 Nf6 2. c4 g6 3. Nc3 Bg7 4. e4 d6 5. Nf3 0-0 6. Be2 e5 7. 0-0 Bg4 8. dxe5 dxe5 9. Qxd8 Rxd8 10. Bg5 c6 11. h3 Bxf3 12. Bxf3 Na6 13. Rfd1 Nc5 14. Be3 Bf8 15. b3 Rxd1+ 16. Rxd1 a5 17. Kf1 1/2-1/2

[Event "BL2-Sued 9091"]
[Site "Germany"]
[Date "1991.??.??"]
[Round "?.2"]
[White "Martin, Thomas"]
[Black "Trettin, Ulrich"]
[Result "0-1"]
[WhiteElo "2240"]
[BlackElo "2275"]
[PlyCount "80"]
[EventDate "1990.10.??"]
[EventType "team-tourn"]
[EventRounds "9"]
[EventCountry "GER"]
[SourceTitle "GER-chT2"]
[Source "ChessBase"]
[SourceDate "1999.07.01"]
[SourceVersion "1"]
[SourceVersionDate "1999.07.01"]
[SourceQuality "1"]
[WhiteTeam "Erlangen"]
[BlackTeam "Tuebingen"]
[WhiteTeamCountry "GER"]
[BlackTeamCountry "GER"]

1. d4 Nf6 2. Nf3 g6 3. c4 Bg7 4. Nc3 d5 5. Bg5 dxc4 6. e3 Be6 7. Ne5 Nd5 8. Nxc4 c5 9. Nb5 0-0 10. e4 Nf6 11. Bxf6 Bxf6 12. d5 Bd7 13. Qb3 a6 14. Nc3 b5 15. Nd2 e6 16. Be2 c4 17. Qc2 Re8 18. 0-0 exd5 19. Nxd5 Nc6 20. Nf3 Bg7 21. Rad1 Qa5 22. b3 cxb3 23. axb3 Rad8 24. Bd3 Qa3 25. Rfe1 Na5 26. b4 Rc8 27. Qd2 Nb3 28. Qf4 Be6 29. Ng5 Nd4 30. Bf1 Nc2 31. Re2 Nxb4 32. Nc7 Rf8 33. Qh4 h6 34. Ngxe6 fxe6 35. Nxe6 Qb3 36. Qe7 Rf7 37. Qd6 Be5 38. Qxe5 Qxd1 39. Qg3 Rf6 40. Qe5 Qxf1+ 0-1

[Event "BL2-Sued 8990"]
[Site "Germany"]
[Date "1990.??.??"]
[Round "?.1"]
[White "Fritsch, Rolf"]
[Black "Trettin, Ulrich"]
[Result "0-1"]
[WhiteElo "2220"]
[BlackElo "2280"]
[PlyCount "74"]
[EventDate "1989.10.??"]
[EventType "team-tourn"]
[EventRounds "9"]
[EventCountry "GER"]
[SourceTitle "GER-chT2"]
[Source "ChessBase"]
[SourceDate "1999.07.01"]
[SourceVersion "1"]
[SourceVersionDate "1999.07.01"]
[SourceQuality "1"]
[WhiteTeam "Stuttgart"]
[BlackTeam "Tuebingen"]
[WhiteTeamCountry "GER"]
[BlackTeamCountry "GER"]

1. d4 Nf6 2. c4 g6 3. Nc3 d5 4. Nf3 Bg7 5. Qb3 dxc4 6. Qxc4 0-0 7. e4 a6 8. Bf4 b5 9. Qd3 Bb7 10. a3 c5 11. dxc5 Nbd7 12. Be3 Qc7 13. Qc2 Ng4 14. Bg5 Qxc5 15. Bd3 Nde5 16. Nxe5 Bxe5 17. Nd1 Qd6 18. Qe2 Rfd8 19. Bc2 Rac8 20. Rc1 Bf4 21. Bxf4 Qxf4 22. Rb1 Rxc2 23. Qxc2 Bxe4 24. Qc1 Qe5 25. f4 Qe6 26. 0-0 Bxb1 27. Qxb1 Rd2 28. Qc1 Qe2 29. Qc8+ Kg7 30. Qc3+ f6 31. Qf3 Qxf3 32. gxf3 Nxh2 33. Rf2 Nxf3+ 34. Kg2 Ne1+ 35. Kf1 Rxd1 36. Ke2 Nd3 37. Rf3 Nxb2 0-1

[Event "BL2-Sued 9091"]
[Site "Germany"]
[Date "1990.??.??"]
[Round "?.2"]
[White "Trettin, Ulrich"]
[Black "Oesterle, Peter"]
[Result "1-0"]
[WhiteElo "2275"]
[BlackElo "2360"]
[PlyCount "73"]
[EventDate "1990.10.??"]
[EventType "team-tourn"]
[EventRounds "9"]
[EventCountry "GER"]
[SourceTitle "GER-chT2"]
[Source "ChessBase"]
[SourceDate "1999.07.01"]
[SourceVersion "1"]
[SourceVersionDate "1999.07.01"]
[SourceQuality "1"]
[WhiteTeam "Tuebingen"]
[BlackTeam "Ulm"]
[WhiteTeamCountry "GER"]
[BlackTeamCountry "GER"]

1. d4 d5 2. c4 dxc4 3. Nf3 Nf6 4. e3 Bg4 5. Bxc4 e6 6. 0-0 Nbd7 7. Nc3 Bd6 8. e4 e5 9. d5 0-0 10. Be2 h6 11. Be3 a6 12. a4 Re8 13. Nd2 Bxe2 14. Qxe2 Qe7 15. f3 Bc5 16. a5 Bd4 17. Qf2 Bxe3 18. Qxe3 Rec8 19. Nc4 Ne8 20. Rfc1 Nd6 21. b3 Nb5 22. Nxb5 axb5 23. a6 Rxa6 24. Rxa6 bxa6 25. Na5 Nb8 26. Qa7 Kh7 27. Qc5 Qxc5+ 28. Rxc5 Nd7 29. Rc1 Kg8 30. Nc6 Ra8 31. Ne7+ Kf8 32. Nf5 Ra7 33. b4 h5 34. d6 c5 35. bxc5 g6 36. Ne3 b4 37. c6 1-0

[Event "BL2-Sued 8889"]
[Site "Germany"]
[Date "1989.??.??"]
[Round "?.2"]
[White "Speckner, Roland"]
[Black "Trettin, Ulrich"]
[Result "1/2-1/2"]
[WhiteElo "2235"]
[BlackElo "2270"]
[PlyCount "56"]
[EventDate "1988.10.??"]
[EventType "team-tourn"]
[EventRounds "9"]
[EventCountry "GER"]
[SourceTitle "GER-chT2"]
[Source "ChessBase"]
[SourceDate "1999.07.01"]
[SourceVersion "1"]
[SourceVersionDate "1999.07.01"]
[SourceQuality "1"]
[WhiteTeam "Regensburg"]
[BlackTeam "Tuebingen"]
[WhiteTeamCountry "GER"]
[BlackTeamCountry "GER"]

1. e4 c5 2. Nf3 d6 3. Bb5+ Bd7 4. Bxd7+ Qxd7 5. 0-0 Nc6 6. Qe2 Nf6 7. c3 e6 8. Rd1 Be7 9. d4 cxd4 10. cxd4 d5 11. e5 Ne4 12. Ne1 f6 13. f3 Ng5 14. Nc3 0-0 15. f4 Nf7 16. Nf3 Rac8 17. Be3 fxe5 18. fxe5 Bb4 19. Rdc1 Na5 20. Nd1 Rxc1 21. Rxc1 Rc8 22. Rxc8+ Qxc8 23. b3 Be7 24. Qd3 Nc6 25. Qc2 Qd7 26. a4 Qc7 27. Nf2 Qd8 28. Nh3 Qd7 1/2-1/2

[Event "BL2-Sued 8889"]
[Site "Germany"]
[Date "1988.??.??"]
[Round "?.2"]
[White "Heidrich, Manfred"]
[Black "Trettin, Ulrich"]
[Result "0-1"]
[WhiteElo "2310"]
[BlackElo "2270"]
[PlyCount "116"]
[EventDate "1988.10.??"]
[EventType "team-tourn"]
[EventRounds "9"]
[EventCountry "GER"]
[SourceTitle "GER-chT2"]
[Source "ChessBase"]
[SourceDate "1999.07.01"]
[SourceVersion "1"]
[SourceVersionDate "1999.07.01"]
[SourceQuality "1"]
[WhiteTeam "Erlangen"]
[BlackTeam "Tuebingen"]
[WhiteTeamCountry "GER"]
[BlackTeamCountry "GER"]

1. e4 c5 2. c3 Nf6 3. e5 Nd5 4. d4 cxd4 5. cxd4 e6 6. f4 b6 7. Nf3 Bb4+ 8. Bd2 Ne3 9. Qb3 Bxd2+ 10. Nbxd2 Nxf1 11. Rxf1 0-0 12. Ne4 Bb7 13. Nd6 Bd5 14. Qd3 f6 15. g3 Nc6 16. a3 b5 17. Rc1 b4 18. a4 b3 19. Rc5 Rb8 20. Qc3 Qb6 21. Rb5 Qa6 22. f5 Qxa4 23. Rxb8 Rxb8 24. exf6 gxf6 25. fxe6 dxe6 26. Nd2 f5 27. g4 fxg4 28. Rf4 Qa1+ 29. Kf2 Rf8 30. Qg3 Qd1 31. Rxf8+ Kxf8 32. Qf4+ Ke7 33. Nb5 Qc2 34. Qg5+ Kf8 35. Qf6+ Kg8 36. Ke3 Qf5 37. Qxf5 exf5 38. Nc3 Bf7 39. d5 Ne5 40. Nxb3 Kg7 41. Nd4 Kf6 42. b4 Kg5 43. Nc6 f4+ 44. Ke4 Nd7 45. Nxa7 h5 46. Nc6 Nf6+ 47. Ke5 Bxd5 48. Nd4 f3 49. Nd1 h4 50. Nf5 Nd7+ 51. Kxd5 Kxf5 52. Kd4 Kf4 53. Nf2 Ne5 54. b5 g3 55. hxg3+ hxg3 56. Nh3+ Kg4 57. Kxe5 Kxh3 58. b6 g2 0-1

[Event "Oberliga Wuerttemberg 8788"]
[Site "Germany"]
[Date "1988.??.??"]
[Round "?"]
[White "Trettin, Ulrich"]
[Black "Schmid, Wolfgang"]
[Result "1-0"]
[WhiteElo "2260"]
[BlackElo "2250"]
[PlyCount "80"]
[EventDate "1987.??.??"]
[EventType "team"]
[EventRounds "9"]
[EventCountry "GER"]
[SourceTitle "GER"]
[Source "ChessBase"]
[SourceDate "1999.07.01"]
[SourceVersion "1"]
[SourceVersionDate "1999.07.01"]
[SourceQuality "1"]

1. d4 Nf6 2. c4 d6 3. Nc3 e5 4. Nf3 e4 5. Nd2 Bf5 6. g4 Bxg4 7. Ndxe4 Nxe4 8. Nxe4 c6 9. Qb3 Qd7 10. Bf4 Bf5 11. Ng3 Bg6 12. h4 h5 13. Bh3 Qc7 14. 0-0-0 Nd7 15. Qe3+ Kd8 16. Bf5 Bxf5 17. Nxf5 g6 18. Ng3 Nf6 19. Qf3 Ng4 20. Ne4 Qd7 21. d5 c5 22. Qg3 Qf5 23. Nc3 Qxf4+ 24. Qxf4 Bh6 25. Qxh6 Nxh6 26. e4 Kd7 27. Rde1 Ng4 28. Re2 Ne5 29. b3 Rae8 30. f4 Nf3 31. Rf2 Nd4 32. e5 dxe5 33. Ne4 Kc7 34. fxe5 Rxe5 35. Rxf7+ Kc8 36. Nd6+ Kb8 37. Nxb7 Re2 38. Nxc5 Rxa2 39. Kb1 Rc2 40. Re1 Nf5 1-0

[Event "BL2-Sued 8889"]
[Site "Germany"]
[Date "1988.??.??"]
[Round "?.2"]
[White "Trettin, Ulrich"]
[Black "Witke, Thomas"]
[Result "1-0"]
[WhiteElo "2270"]
[BlackElo "2330"]
[PlyCount "83"]
[EventDate "1988.10.??"]
[EventType "team-tourn"]
[EventRounds "9"]
[EventCountry "GER"]
[SourceTitle "GER-chT2"]
[Source "ChessBase"]
[SourceDate "1999.07.01"]
[SourceVersion "1"]
[SourceVersionDate "1999.07.01"]
[SourceQuality "1"]
[WhiteTeam "Tuebingen"]
[BlackTeam "Schmiden Cannstatt"]
[WhiteTeamCountry "GER"]
[BlackTeamCountry "GER"]

1. d4 d5 2. c4 c6 3. Nf3 Nf6 4. Nc3 dxc4 5. a4 Bg4 6. Ne5 Bh5 7. f3 Nfd7 8. Nxc4 e5 9. Ne4 Bb4+ 10. Bd2 Qe7 11. Bxb4 Qxb4+ 12. Qd2 Qxd2+ 13. Kxd2 exd4 14. Ned6+ Ke7 15. Nf5+ Kf6 16. Nxd4 Na6 17. e4 Rad8 18. Kc3 Nb6 19. e5+ Kg5 20. h4+ Kh6 21. Nxb6 axb6 22. g4 Rhe8 23. Nf5+ Kg6 24. Nd6 Rxe5 25. Nxb7 Re3+ 26. Kc4 b5+ 27. axb5 cxb5+ 28. Kxb5 Rb3+ 29. Kc4 Rb4+ 30. Kc3 Rc8+ 31. Kd2 Rxb2+ 32. Ke3 Nb4 33. gxh5+ Kh6 34. Nd6 Rc5 35. Kf4 Kxh5 36. Bh3 Nd3+ 37. Kg3 g5 38. Bg4+ Kg6 39. h5+ Kg7 40. h6+ Kf6 41. Ne4+ Kg6 42. Ra6+ 1-0